Szczegóły MARC21

Die Bürger von Calais /

003 -Nazwa inst., której nr kontr. jest w polu 001 [,]
    • @
    • Nazwa instytucji, której n kontrolny jest w polu 001
    • NUKAT
005 -DATA I CZAS OSTATNIEJ MODYFIKACJI [,]
    • @
    • pole kontrolne
    • 20241231112538.0
020 -Międzynarod. znormalizowany nr książki - ISBN [ , ]
    • a
    • Numer ISBN
    • 3870520183 Find
040 -Instytucja sporządzająca opis [ , ]
    • a
    • Instytucja, która sporządziła opis (NP)
    • NUKAT
    • c
    • Instytucja, która sporządziła rekord (NP)
    • POZN U/JG
    • d
    • Instytucja, która zmodyfikowała rekord (P)
    • POZN U/HK
    • d
    • Instytucja, która zmodyfikowała rekord (P)
    • KAT U/EGs
942 -Rodzaj dokumentu [ , ]
    • c
    • Rodzaj dokumentu
    • Książka
100 -Hasło główne - nazwa osobowa [1, ]
    • a
    • Nazwa osobowa (NP)
    • Kaiser, Georg
    • d
    • Daty biograficzne (NP)
    • (1878-1945).
    • 9
    • KHW
    • 239243
240 -Tytuł ujednolicony [1,0]
    • a
    • Tytuł ujednolicony
    • Bürger von Calais
    • l
    • Język tekstu
    • (niem.)
    • 9
    • KHW
    • 483725
245 -Strefa tytułu i oznaczenia odpowiedzialności [1,4]
    • a
    • Tytuł
    • Die Bürger von Calais / Find
    • c
    • Pozostałe elementy strefy tytułu i oznaczenia odpowiedzialności (NP)
    • Georg Kaiser ; mit einer Einf. hrsg. von Walter Urbanek.
250 -Strefa wydania [ , ]
    • a
    • Oznaczenie wydania (NP)
    • 18. Aufl.
260 -Strefa adresu wydawniczego [ , ]
    • a
    • Miejsce wydania (P)
    • Bamberg :
    • b
    • Nazwa wydawcy (P)
    • Bayerische Verlagsanstalt,
    • c
    • Data wydania (P)
    • 1992.
300 -Strefa opisu fizycznego [ , ]
    • a
    • Określenie formy książki i/lub objętość (NP)
    • 92 s. ;
    • c
    • Format (NP)
    • 21 cm.
336 -Typ zawartości [ , ]
    • a
    • Termin opisujący typ zawartości
    • Tekst
    • b
    • Kod określający zawartość
    • txt
    • 2
    • Źródło (terminu i kodu)
    • rdacontent
337 -Typ mediów [ , ]
    • a
    • Tryb odtwarzania
    • Bez urządzenia pośredniczącego
    • b
    • Kod typu mediów
    • n
    • 2
    • Źródło (terminu i kodu)
    • rdamedia
338 -Typ/rodzaj nośnika [ , ]
    • a
    • Hasło opisujące typ nośnika
    • Wolumin
    • b
    • Kod typu nośnika
    • nc
    • 2
    • Źródło (terminu i kodu)
    • rdacarrier
490 -Strefa serii i książki wielotomowej - forma nie do wyszukiwania [1, ]
    • a
    • Tytuł (P)
    • Texte der Weltliteratur. Reihe A. Deutsche Sprache ; Find
    • v
    • Numeracja (P)
    • H. 18
830 -Hasło dodatkowe serii i opisu książki wielotomowej - tytuł ujednolicony/tytuł [ ,0]
    • a
    • Tytuł ujednolicony/tytuł (NP)
    • Texte der Weltliteratur.
    • n
    • Oznaczenie części/podserii/sekcji (P)
    • Reihe A,
    • p
    • Nazwa części/podserii/sekcji (P)
    • Deutsche Sprache
    • x
    • ISSN
    • 0723-418X
    • v
    • Oznaczenie tomu (NP)
    • H. 18
    • 9
    • KHW
    • 483724
080 -Uniwersalna Klasyfikacja Dziesiętna [ , ]
    • a
    • Symbol klasyfikacji
    • 830-2=30
655 -Hasło w funkcji tematu formalnego [ ,7]
    • a
    • Hasło
    • Dramat niemiecki
    • y
    • Określnik chronologiczny
    • 1900-1945.
    • 2
    • Źródło terminu
    • kaba
    • 9
    • KHW
    • 402016
980 -Symbol UKD [ , ]
    • a
    • UKD
    • 830-2=30
700 -Hasło dodatkowe - nazwa osobowa [1, ]
    • a
    • Nazwa osobowa (NP)
    • Urbanek, Walter Find
    • d
    • Daty biograficzne (NP)
    • (1919-2010).
    • e
    • Określenie rodzaju współpracy
    • Red.
    • 9
    • KHW
    • 483721
710 -Hasło dodatkowe - nazwa ciała zbiorowego [2, ]
    • a
    • Nazwa ciała zbiorowego lub nazwa geograficzna jako pierwszy element (NP)
    • Bayerische Verlagsanstalt (Bamberg).
    • 4
    • Kod relacji
    • pbl
    • 9
    • KHW
    • 483723
920 -ISBN [ , ]
    • a
    • ISBN
    • 3-87052-018-3 Find
Status udost. Numer inwentarzowy Lokalizacja Data inwentaryzacji Sygnatura
-3G.10270BM1994-03-30Germ. Dramat niemiecki
-3G.10271BM1994-03-30Germ. Dramat niemiecki
-3G.9603BM1994-03-30Germ. Dramat niemiecki
-3G.10272BM1994-03-30Germ. Dramat niemiecki
-3G.10273BM1994-03-30Germ. Dramat niemiecki
1G.9604BM  
2G.9605BM  
-6G.10269G1994-03-30